| 000 | 01426pam a22003617a 4500 | ||
|---|---|---|---|
| 001 | 15163150 | ||
| 003 | ZET-ke | ||
| 005 | 20150728121111.0 | ||
| 008 | 080131s2008 at a b 001 0 eng | ||
| 010 | _a 2008360398 | ||
| 020 | _a0470803495 | ||
| 037 | _bJohn Wiley & Sons Australia, PO Box 1226, Milton QLD 4064 | ||
| 040 |
_aANL _beng _cZET-ke _dANL _dDLC |
||
| 042 | _alccopycat | ||
| 043 | _au-at--- | ||
| 050 | 0 | 0 |
_aHM1206 _b.E967 2005 |
| 082 | 0 | 4 |
_a302.2 _222 |
| 082 | 0 | 4 |
_a302.20994 _222 |
| 100 | 1 | _aEunson, Baden. | |
| 245 | 1 | 0 |
_aCommunicating in the 21st century / _cBaden Eunson. |
| 260 |
_aMilton, Qld. : _bJohn Wiley & Sons, Australia, _cc2005. |
||
| 300 |
_axxiv, 680 p. : _bcol. ill ; _c26 cm. |
||
| 504 | _aIncludes bibliographical references and index. | ||
| 520 | _a" Second edition, a comprehensive and referenced coverage in the field of communication in Australia." -- back cover. | ||
| 650 | 0 |
_aCommunication _xSocial aspects _zAustralia. |
|
| 650 | 0 |
_aCommunication _xResearch _zAustralia. |
|
| 650 | 0 |
_aBusiness communication _zAustralia. |
|
| 650 | 0 |
_aKnowledge management _zAustralia. |
|
| 650 | 0 |
_aCommunication in personnel management _zAustralia. |
|
| 906 |
_a7 _bcbc _ccopycat _d2 _encip _f20 _gy-gencatlg |
||
| 942 |
_2lcc _cBK _hHM1206 _i.E967 2005 _kHM1206 _m.E967 2005 |
||
| 999 |
_c2258 _d2258 |
||